000 00334nam a22001337a 4500
999 _c534397
_d534397
020 _a9695035140
040 _cMSOHAIL
082 _a910.4
100 _aAbul Ala Modudi
_928529
245 _aSafarnama Arzul Quran, - سفرنامہ ارض القرآن
260 _aLahore
_bAl-Faisal
_cN.D.
300 _a228;;p
942 _2ddc
_cBK